[Event "Edmonton June-C"]
[Site "Edmonton CAN"]
[Date "2004.06.06"]
[Round "5"]
[White "Rekhson, Vladislav"]
[Black "Ottosen, David"]
[Result "1/2-1/2"]
[WhiteElo "2026"]
[BlackElo "2089"]
[PlyCount "44"]
[GameId "2160767911092286"]
[EventDate "2004.06.??"]
[EventType "tourn"]
[EventRounds "5"]
[EventCountry "CAN"]
[SourceTitle "EXT 2006"]
[Source "ChessBase"]
[SourceDate "2005.11.24"]
[SourceVersion "1"]
[SourceVersionDate "2005.11.24"]
[SourceQuality "1"]

1. e4 e6 2. d4 d5 3. Nc3 dxe4 4. f3 exf3 5. Nxf3 c5 6. d5 Nf6 7. Bg5 Be7 8. Bb5+ Bd7 9. dxe6 fxe6 10. Bc4 Nc6 11. O-O O-O 12. Qe2 Kh8 13. Rad1 Nd4 14. Qe5 b5 15. Nxd4 cxd4 16. Nxb5 Qb6 17. Kh1 Ng4 18. Qxd4 Qxd4 19. Rxd4 Rxf1+ 20. Bxf1 Nf2+ 21. Kg1 Bc5 22. Rxd7 Nh3+ 1/2-1/2

[Event "Edmonton March Sectional A"]
[Site "Edmonton CAN"]
[Date "2004.03.05"]
[Round "1"]
[White "Gardner, Robert"]
[Black "Li, Zhichao"]
[Result "1-0"]
[WhiteElo "2268"]
[BlackElo "2270"]
[PlyCount "53"]
[GameId "2160767911183607"]
[EventDate "2004.03.05"]
[EventType "tourn"]
[EventRounds "5"]
[EventCountry "CAN"]

1. f4 c5 2. Nf3 Nc6 3. g3 g6 4. Bg2 Bg7 5. e4 e5 6. Nc3 Nge7 7. d3 O-O 8. fxe5 Nxe5 9. Nxe5 Bxe5 10. Bh6 Bg7 11. Qd2 Qb6 12. O-O-O d6 13. h4 Qa5 14. Bxg7 Kxg7 15. h5 Ng8 16. Qf4 Be6 17. hxg6 fxg6 18. Qxd6 Bxa2 19. Nxa2 Qxa2 20. Qxc5 Nf6 21. e5 Ng4 22. Bd5 Qa1+ 23. Kd2 Rf2+ 24. Ke1 Re8 25. Qc7+ Kf8 26. Rxa1 Rxe5+ 27. Qxe5 1-0

[Event "Edmonton March Sectional A"]
[Site "Edmonton CAN"]
[Date "2004.03.05"]
[Round "1"]
[White "Yoos, John"]
[Black "Reeve, Jeff"]
[Result "1/2-1/2"]
[WhiteElo "2426"]
[BlackElo "2383"]
[PlyCount "74"]
[GameId "2160767911183608"]
[EventDate "2004.03.05"]
[EventType "tourn"]
[EventRounds "5"]
[EventCountry "CAN"]

1. e4 c5 2. Nf3 d6 3. d4 cxd4 4. Nxd4 Nf6 5. Nc3 Nc6 6. Bg5 Bd7 7. Be2 Qa5 8. Bxf6 gxf6 9. O-O Nxd4 10. Qxd4 Rc8 11. Rad1 Qc5 12. Qd3 Bg7 13. Nd5 Qxc2 14. Qg3 Qxe2 15. Qxg7 Rf8 16. Rc1 Rxc1 17. Rxc1 Bc6 18. Nc7+ Kd7 19. Qxf8 Qxe4 20. Qg7 Kxc7 21. Kh1 Qg6 22. Qxg6 fxg6 23. f4 d5 24. Kg1 Kd6 25. Rc3 Bd7 26. Ra3 a6 27. Rb3 Bc6 28. Rh3 d4 29. Rxh7 d3 30. Kf2 Bxg2 31. Ke3 Be4 32. Rh8 Bf5 33. Rd8+ Kc6 34. h4 Kc5 35. Rb8 Kc6 36. Rd8 Kc5 37. Rb8 Kc6 1/2-1/2

[Event "Edmonton March Sectional A"]
[Site "Edmonton CAN"]
[Date "2004.03.06"]
[Round "2"]
[White "Reeve, Jeff"]
[Black "Li, Zhichao"]
[Result "1-0"]
[WhiteElo "2383"]
[BlackElo "2270"]
[PlyCount "95"]
[GameId "2160767911183609"]
[EventDate "2004.03.05"]
[EventType "tourn"]
[EventRounds "5"]
[EventCountry "CAN"]

1. e4 c6 2. d4 d5 3. e5 Bf5 4. h4 h6 5. g4 Be4 6. f3 Bh7 7. Bd3 Bxd3 8. Qxd3 e6 9. h5 Qa5+ 10. Nc3 c5 11. Bd2 cxd4 12. Nb5 Qb6 13. f4 a6 14. Nxd4 Qxb2 15. Nb3 Nc6 16. Ne2 Nb4 17. Bxb4 Bxb4+ 18. c3 Bc5 19. Rb1 Qa3 20. Nxc5 Qxc5 21. Rxb7 Ne7 22. Qd4 Qc6 23. Qb4 Nc8 24. Nd4 a5 25. Qb3 Qc4 26. Qxc4 dxc4 27. f5 exf5 28. gxf5 O-O 29. Rg1 Re8 30. Ne6 g5 31. hxg6 fxe6 32. f6 Ne7 33. f7+ Kg7 34. fxe8=Q Rxe8 35. Rf1 Kg8 36. Rf4 Nf5 37. Rxc4 h5 38. a4 h4 39. Rh7 Ne3 40. Rc5 Ng2+ 41. Kf2 Nf4 42. Rcc7 Nd3+ 43. Kg2 Nxe5 44. Kh3 Rd8 45. Kxh4 Nxg6+ 46. Kg5 Ne5 47. Rcg7+ Kf8 48. Kf6 1-0

[Event "Edmonton March Sectional A"]
[Site "Edmonton CAN"]
[Date "2004.03.06"]
[Round "2"]
[White "Yoos, John"]
[Black "Sasata, Robert"]
[Result "1/2-1/2"]
[WhiteElo "2426"]
[BlackElo "2331"]
[PlyCount "108"]
[GameId "2160767911183610"]
[EventDate "2004.03.05"]
[EventType "tourn"]
[EventRounds "5"]
[EventCountry "CAN"]

1. e4 c5 2. Nf3 e6 3. d4 cxd4 4. Nxd4 Nf6 5. Nc3 Nc6 6. Ndb5 Bb4 7. Bf4 Nxe4 8. Qf3 d5 9. Nc7+ Kf8 10. O-O-O Bxc3 11. bxc3 Qe7 12. c4 e5 13. Nxd5 Bg4 14. Qb3 Qd6 15. f3 exf4 16. fxg4 Nf2 17. Bd3 Nxh1 18. Rxh1 Re8 19. h4 Nd4 20. Qxb7 Nc6 21. Qb2 f6 22. Rf1 Ne5 23. Nxf4 Nxg4 24. Qc3 Qc5 25. Nd5 Kf7 26. h5 Rd8 27. Rf5 Rhe8 28. h6 Nxh6 29. Rxf6+ Kg8 30. Rxh6 Qg1+ 31. Kb2 Rb8+ 32. Ka3 Qc1+ 33. Ka4 Qxh6 34. c5 Qc6+ 35. Ka3 Kh8 36. Nb4 Qxg2 37. Na6 Rbc8 38. Qd4 Qd2 39. Nb4 a5 40. Nd5 Qc1+ 41. Ka4 Qb1 42. a3 Qh1 43. Bf5 Rcd8 44. c4 Qf3 45. Bc2 Qe2 46. Bf5 Qe5 47. Qxe5 Rxe5 48. Bh3 g5 49. c6 h5 50. c7 Rf8 51. c8=Q Rxc8 52. Bxc8 g4 53. Kxa5 Rg5 54. Kb6 g3 1/2-1/2

[Event "Edmonton March Sectional A"]
[Site "Edmonton CAN"]
[Date "2004.03.06"]
[Round "3"]
[White "Gardner, Robert"]
[Black "Yoos, John"]
[Result "0-1"]
[WhiteElo "2268"]
[BlackElo "2426"]
[PlyCount "110"]
[GameId "2160767911183611"]
[EventDate "2004.03.05"]
[EventType "tourn"]
[EventRounds "5"]
[EventCountry "CAN"]

1. e4 c5 2. Nf3 d6 3. d4 cxd4 4. Nxd4 Nf6 5. Nc3 Nc6 6. Bg5 Qb6 7. Nb3 e6 8. Be3 Qc7 9. Be2 a6 10. a4 Na5 11. Nxa5 Qxa5 12. O-O Bd7 13. Qd2 Rc8 14. f4 Rxc3 15. Bf3 d5 16. Bd4 dxe4 17. Be2 Rc5 18. b4 Rxc2 19. Qxc2 Qxb4 20. Rfd1 Nd5 21. Qxe4 Nc3 22. Qe5 Nxe2+ 23. Qxe2 Qa5 24. Qe3 Qf5 25. Be5 Bc6 26. Qa7 f6 27. Qb8+ Kf7 28. Qc7+ Kg6 29. Bd4 Bc5 30. Rac1 Qe4 31. f5+ Kh6 32. Qg3 Bxd4+ 33. Kh1 exf5 34. Rc4 Rd8 35. Qh3+ Kg6 36. Qg3+ Kf7 37. Qc7+ Rd7 38. Qxd7+ Bxd7 39. Rcxd4 Bxa4 40. Rxe4 fxe4 41. Rc1 Bc6 42. Kg1 f5 43. g3 g5 44. Rc5 Kf6 45. Kf2 f4 46. gxf4 gxf4 47. Rh5 e3+ 48. Ke2 Be4 49. Rc5 Ke6 50. Rc8 Ke5 51. Rd8 a5 52. h4 b5 53. h5 b4 54. h6 b3 55. Rb8 Kd4 0-1

[Event "Edmonton March Sectional A"]
[Site "Edmonton CAN"]
[Date "2004.03.07"]
[Round "4"]
[White "Huber, Gregory"]
[Black "Yoos, John"]
[Result "0-1"]
[WhiteElo "2264"]
[BlackElo "2426"]
[PlyCount "62"]
[GameId "2160767911183612"]
[EventDate "2004.03.05"]
[EventType "tourn"]
[EventRounds "5"]
[EventCountry "CAN"]

1. d4 g6 2. c4 d6 3. g3 Bg7 4. Bg2 Nd7 5. Nf3 e5 6. Nc3 Ne7 7. O-O O-O 8. e3 exd4 9. exd4 Nb6 10. b3 c5 11. Bb2 Nc6 12. d5 Ne5 13. Nxe5 Bxe5 14. Qd2 Bf5 15. h3 h5 16. f4 Bd4+ 17. Kh2 Nd7 18. Be4 Qf6 19. Bxf5 gxf5 20. Nd1 Rfe8 21. Rf2 Re7 22. Rg2 Bxb2 23. Nxb2 Rae8 24. Rf1 Qh8 25. Qd3 Re4 26. Nd1 Qd4 27. Qf3 Nf6 28. Rff2 Re1 29. Rd2 Qa1 30. Rd3 Ng4+ 31. hxg4 hxg4 0-1

[Event "Edmonton March Sectional B"]
[Site "Edmonton CAN"]
[Date "2004.03.05"]
[Round "1"]
[White "Boehmer, Kris"]
[Black "Grumic, Sasha"]
[Result "1-0"]
[WhiteElo "2097"]
[BlackElo "2146"]
[PlyCount "99"]
[GameId "2160767911183613"]
[EventDate "2004.03.05"]
[EventType "tourn"]
[EventRounds "5"]
[EventCountry "CAN"]

1. d4 Nf6 2. Nf3 g6 3. g3 Bg7 4. Bg2 c5 5. O-O cxd4 6. Nxd4 Nc6 7. e3 O-O 8. c4 d5 9. Nc3 Nxd4 10. Qxd4 Ne4 11. Qxd5 Nxc3 12. bxc3 Be6 13. Qxb7 Rb8 14. Qxa7 Bxc4 15. Ba3 Bxf1 16. Bxe7 Bxg2 17. Bxd8 Ra8 18. Qb6 Bf3 19. Bf6 Rfb8 20. Qd6 Bf8 21. Qf4 Bc6 22. Be5 Rxa2 23. Rf1 Re8 24. Qf6 Rxe5 25. Qxc6 Rc5 26. Qe8 Rf5 27. c4 h5 28. c5 Kg7 29. c6 Rc2 30. Qd8 Rxc6 31. Ra1 Rd6 32. Qb8 Be7 33. Qe8 Bd8 34. e4 Rff6 35. Ra8 Rfe6 36. Qa4 Bf6 37. Rc8 Bd4 38. Qa8 Kh7 39. Kg2 Ra6 40. Qd5 Rad6 41. Qb7 Kg7 42. f4 Rb6 43. Qa8 Ra6 44. Rg8+ Kh7 45. Qf8 Rxe4 46. Qxf7+ Kh6 47. f5 gxf5 48. Qxf5 Rae6 49. Rg5 h4 50. Rh5+ 1-0

[Event "Edmonton March Sectional B"]
[Site "Edmonton CAN"]
[Date "2004.03.05"]
[Round "1"]
[White "Hughey, Micah"]
[Black "Kostadinov, George"]
[Result "1/2-1/2"]
[WhiteElo "2061"]
[BlackElo "2214"]
[PlyCount "86"]
[GameId "2160767911183614"]
[EventDate "2004.03.05"]
[EventType "tourn"]
[EventRounds "5"]
[EventCountry "CAN"]

1. d4 c5 2. d5 f5 3. e4 fxe4 4. Nc3 Nf6 5. f3 e3 6. Bxe3 d6 7. Bb5+ Bd7 8. a4 Na6 9. Nge2 g6 10. Nf4 Nc7 11. Qe2 Bg7 12. Ne6 Nxe6 13. dxe6 Bc6 14. O-O-O Qc8 15. g4 O-O 16. h4 Ne8 17. Nd5 Bxd5 18. Rxd5 Nf6 19. Bd7 Qc7 20. Rg5 b5 21. h5 Nxd7 22. exd7 Qb7 23. hxg6 h6 24. Bd4 e5 25. Rgh5 Qxf3 26. Qxb5 Rab8 27. Qc4+ d5 28. Qxc5 exd4 29. Qe7 Qe3+ 30. Qxe3 dxe3 31. Rxd5 Bxb2+ 32. Kd1 Bc3 33. Ke2 Bd2 34. Rxh6 Kg7 35. Rhh5 Rbd8 36. Rhf5 Rf6 37. Rfe5 Rf2+ 38. Kd3 Rff8 39. Rf5 Bc1 40. c4 Rh8 41. Rh5 Rhf8 42. Rhf5 Rh8 43. Rh5 Rhf8 1/2-1/2

[Event "Edmonton March Sectional C"]
[Site "Edmonton CAN"]
[Date "2004.03.05"]
[Round "1"]
[White "Kazmaier, Daniel"]
[Black "Veneracion, Paolo"]
[Result "0-1"]
[WhiteElo "1971"]
[BlackElo "2078"]
[PlyCount "82"]
[GameId "2160767911183615"]
[EventDate "2004.03.05"]
[EventType "tourn"]
[EventRounds "5"]
[EventCountry "CAN"]

1. e4 c5 2. Nf3 e6 3. c3 Nf6 4. e5 Nd5 5. d4 cxd4 6. cxd4 Bb4+ 7. Bd2 Qa5 8. Bc4 Nb6 9. Bd3 Na4 10. Qc2 Nc6 11. Nc3 Bxc3 12. bxc3 h6 13. Rb1 Nb6 14. Bb5 Qa3 15. c4 Qe7 16. O-O f5 17. exf6 gxf6 18. d5 Rg8 19. dxc6 bxc6 20. c5 cxb5 21. cxb6 Bb7 22. Qd3 axb6 23. g3 Rxa2 24. Bb4 Qf7 25. Nd4 Qh5 26. Nxb5 Kd8 27. Be7+ Kxe7 28. Qd6+ Ke8 29. Qb8+ Ke7 30. Qd6+ Ke8 31. Qb8+ Kf7 32. Nd6+ Ke7 33. Qxg8 Ra8 34. Qh7+ Kxd6 35. Rxb6+ Bc6 36. Qc2 Ra5 37. Qd2+ Kc7 38. Rfb1 Qxh2+ 39. Kf1 Qg2+ 40. Ke1 Re5+ 41. Kd1 Rd5 0-1

[Event "Edmonton March Sectional C"]
[Site "Edmonton CAN"]
[Date "2004.03.05"]
[Round "1"]
[White "Pradzinski, Tim"]
[Black "Knapper, Brian"]
[Result "0-1"]
[WhiteElo "1919"]
[BlackElo "2058"]
[PlyCount "84"]
[GameId "2160767911183616"]
[EventDate "2004.03.05"]
[EventType "tourn"]
[EventRounds "5"]
[EventCountry "CAN"]

1. e4 c5 2. Nf3 e6 3. d4 cxd4 4. Nxd4 a6 5. Nc3 Qc7 6. Bd3 b5 7. O-O Bb7 8. Be3 Nf6 9. f3 Bd6 10. f4 Bb4 11. e5 Bxc3 12. bxc3 Nd5 13. Bd2 Nxc3 14. Bxc3 Qxc3 15. Nf3 Nc6 16. Rb1 Ne7 17. Kh1 Bd5 18. Ra1 b4 19. f5 Nc6 20. fxe6 dxe6 21. Qe2 a5 22. Bb5 O-O 23. Rad1 Bxf3 24. Rxf3 Nd4 25. Rxd4 Qxd4 26. h4 Rad8 27. Bd3 Rd5 28. Re3 Rfd8 29. Re4 Qc3 30. Qh5 Rxd3 31. cxd3 Qxd3 32. Re1 Qg3 33. Rf1 g6 34. Qe2 Qxh4+ 35. Kg1 Rd5 36. Qf3 Qd4+ 37. Kh1 Qh4+ 38. Kg1 Qe7 39. Qf4 Qd7 40. Kh2 Rd2 41. Rf3 Rxa2 42. Rh3 Qd2 0-1

[Event "Edmonton March Sectional C"]
[Site "Edmonton CAN"]
[Date "2004.03.05"]
[Round "1"]
[White "Rekhson, Vladislav"]
[Black "Yearwood, Roy"]
[Result "0-1"]
[WhiteElo "1998"]
[BlackElo "2052"]
[PlyCount "64"]
[GameId "2160767911183617"]
[EventDate "2004.03.05"]
[EventType "tourn"]
[EventRounds "5"]
[EventCountry "CAN"]

1. e4 e6 2. d4 d5 3. Nc3 Bb4 4. e5 Ne7 5. a3 Bxc3+ 6. bxc3 c5 7. h4 Qa5 8. Bd2 Nbc6 9. h5 Qc7 10. Nf3 h6 11. Rh4 Bd7 12. a4 O-O-O 13. dxc5 g5 14. Rb4 Nxb4 15. cxb4 g4 16. Nd4 Qxe5+ 17. Be3 g3 18. b5 Rhg8 19. c6 gxf2+ 20. Kd2 bxc6 21. bxc6 Nxc6 22. Ba6+ Kc7 23. Nb5+ Kb8 24. Rb1 Na5 25. Nxa7+ Ka8 26. Qf3 Rg3 27. Qxf2 Qxe3+ 28. Qxe3 Rxe3 29. Kxe3 Kxa7 30. Bd3 Rg8 31. Rf1 f5 32. Kd4 Nb7 0-1

[Event "Edmonton March Sectional C"]
[Site "Edmonton CAN"]
[Date "2004.03.06"]
[Round "2"]
[White "Kazmaier, Daniel"]
[Black "Pradzinski, Tim"]
[Result "1-0"]
[WhiteElo "1971"]
[BlackElo "1919"]
[PlyCount "81"]
[GameId "2160767911183618"]
[EventDate "2004.03.05"]
[EventType "tourn"]
[EventRounds "5"]
[EventCountry "CAN"]

1. e4 c5 2. c3 e5 3. Nf3 d6 4. d4 cxd4 5. cxd4 exd4 6. Bc4 Be6 7. Bxe6 fxe6 8. Nxd4 Qd7 9. Qb3 e5 10. Ne6 Nc6 11. Nxf8 Kxf8 12. O-O Nd4 13. Qd3 Qb5 14. Qxb5 Nxb5 15. Be3 Nf6 16. a4 Nc7 17. f4 Kf7 18. Nc3 Rhe8 19. Rad1 Ke6 20. h3 b6 21. Rf2 Rad8 22. Rfd2 Rd7 23. g4 Red8 24. f5+ Kf7 25. g5 Nfe8 26. h4 g6 27. f6 Ke6 28. a5 bxa5 29. Bxa7 Na8 30. Be3 Nec7 31. Na4 Na6 32. Rd5 Rc7 33. Rxa5 Rc6 34. Rxa6 Rxa6 35. Nc5+ dxc5 36. Rxd8 Ra5 37. Rc8 Ra1+ 38. Kg2 Ra7 39. Bxc5 Ra2 40. Re8+ Kd7 41. f7 1-0

[Event "Edmonton March Sectional C"]
[Site "Edmonton CAN"]
[Date "2004.03.06"]
[Round "2"]
[White "Knapper, Brian"]
[Black "Rekhson, Vladislav"]
[Result "1/2-1/2"]
[WhiteElo "2058"]
[BlackElo "1998"]
[PlyCount "82"]
[GameId "2160767911183619"]
[EventDate "2004.03.05"]
[EventType "tourn"]
[EventRounds "5"]
[EventCountry "CAN"]

1. d4 d5 2. e4 dxe4 3. Nc3 Nf6 4. f3 exf3 5. Nxf3 Bg4 6. h3 Bxf3 7. Qxf3 c6 8. Be3 e6 9. Bd3 Be7 10. O-O O-O 11. Rf2 Nbd7 12. Raf1 Nb6 13. Ne4 Nbd5 14. Bd2 Nd7 15. c4 Nc7 16. Bf4 c5 17. Nd6 cxd4 18. Nxb7 Qc8 19. Nd6 Qd8 20. Be4 Rb8 21. Nb5 e5 22. Nxa7 Qe8 23. Nc6 exf4 24. Nxb8 Qxb8 25. Qxf4 Bc5 26. Qf5 Nf6 27. Bd3 Ne6 28. a3 Qb3 29. Re2 g6 30. Qxf6 Qxd3 31. Rxe6 fxe6 32. Qxe6+ Kg7 33. Qe5+ Kh6 34. Rxf8 Bxf8 35. Qf4+ Kg7 36. Qe5+ Kf7 37. Qd5+ Kf6 38. Qd8+ Be7 39. Qh8+ Kf5 40. Qc8+ Ke5 41. Qb8+ Kf6 1/2-1/2

[Event "Edmonton March Sectional C"]
[Site "Edmonton CAN"]
[Date "2004.03.06"]
[Round "2"]
[White "Veneracion, Paolo"]
[Black "Yearwood, Roy"]
[Result "1-0"]
[WhiteElo "2078"]
[BlackElo "2052"]
[PlyCount "78"]
[GameId "2160767911183620"]
[EventDate "2004.03.05"]
[EventType "tourn"]
[EventRounds "5"]
[EventCountry "CAN"]

1. Nf3 d6 2. b3 Nf6 3. d3 Bg4 4. Nbd2 e6 5. Bb2 Nbd7 6. e4 Be7 7. Be2 O-O 8. h3 Bxf3 9. Bxf3 Ne5 10. Be2 Nfd7 11. d4 Ng6 12. g3 c5 13. c3 Bf6 14. O-O e5 15. Nc4 Qc7 16. Ne3 Rae8 17. Nd5 Qd8 18. dxc5 Nxc5 19. Qc2 Bg5 20. Rad1 Qa5 21. b4 Qa4 22. Qb1 Ne6 23. Bc4 b5 24. Bb3 Qa6 25. Qd3 Qc6 26. Ra1 a5 27. a4 axb4 28. axb5 Qc8 29. cxb4 Nd4 30. Kh2 Nxb3 31. Qxb3 Qb7 32. b6 Kh8 33. Ra7 Qb8 34. Qd3 Rc8 35. Rfa1 Rc6 36. b7 Bd8 37. Qb5 Rc2 38. Ra8 Rxf2+ 39. Kg1 Nf4 1-0

[Event "Edmonton March Sectional D"]
[Site "Edmonton CAN"]
[Date "2004.03.05"]
[Round "1"]
[White "Dean, Tim"]
[Black "Haynes, Nicolas"]
[Result "1/2-1/2"]
[WhiteElo "1840"]
[BlackElo "1968"]
[PlyCount "115"]
[GameId "2160767911183621"]
[EventDate "2004.03.05"]
[EventType "tourn"]
[EventRounds "5"]
[EventCountry "CAN"]

1. e4 d5 2. exd5 Qxd5 3. Nc3 Qa5 4. d4 Nf6 5. Bd2 c6 6. Ne4 Qb6 7. Nxf6+ gxf6 8. Bc3 Bf5 9. Bd3 Bg6 10. h4 Bxd3 11. Qxd3 h5 12. O-O-O Nd7 13. Nf3 e6 14. Rhe1 O-O-O 15. Qc4 Kb8 16. Qa4 Bd6 17. Nd2 Qc7 18. Ba5 b6 19. Bc3 Bf4 20. g3 Bh6 21. Kb1 Rhg8 22. Ne4 f5 23. Ng5 Bxg5 24. hxg5 Kb7 25. Bd2 b5 26. Qa3 Nb6 27. Bf4 Qd7 28. Qf3 Rh8 29. Rh1 Qd5 30. Qe2 Qc4 31. Qxc4 Nxc4 32. Rh4 e5 33. Be3 c5 34. c3 Nxe3 35. fxe3 Rd5 36. Kc2 cxd4 37. exd4 exd4 38. Rhxd4 Rxd4 39. Rxd4 Rg8 40. Rd7+ Kb6 41. Rxf7 Rxg5 42. Kb3 a6 43. Rf6+ Kc5 44. a4 Kd5 45. axb5 axb5 46. Kb4 Ke5 47. Rh6 Ke4 48. c4 bxc4 49. Kxc4 Kf3 50. b4 Kxg3 51. b5 f4 52. b6 h4 53. b7 Rg8 54. Rg6+ Rxg6 55. b8=Q Rg4 56. Qe5 h3 57. Qe1+ Kg2 58. Qe2+ 1/2-1/2

[Event "Edmonton March Sectional D"]
[Site "Edmonton CAN"]
[Date "2004.03.05"]
[Round "1"]
[White "Karmali, Hafiz"]
[Black "Stark, Mark"]
[Result "0-1"]
[WhiteElo "1912"]
[BlackElo "1814"]
[PlyCount "108"]
[GameId "2160767911183622"]
[EventDate "2004.03.05"]
[EventType "tourn"]
[EventRounds "5"]
[EventCountry "CAN"]

1. d4 d5 2. c4 c6 3. Nc3 Nf6 4. Bg5 dxc4 5. Bxf6 exf6 6. a4 Bb4 7. e3 Be6 8. Nf3 O-O 9. Be2 Nd7 10. O-O Bxc3 11. bxc3 b5 12. e4 a6 13. Qc1 Nb6 14. axb5 axb5 15. h3 Ra4 16. Rb1 Qa8 17. d5 Bd7 18. Nd4 Qe8 19. Bf3 c5 20. Ne2 Qe5 21. Bg4 Bxg4 22. hxg4 b4 23. Qd2 Qxe4 24. cxb4 cxb4 25. Rxb4 Rxb4 26. Qxb4 Nxd5 27. Qd2 Qxg4 28. f3 Qe6 29. Rc1 Qe3+ 30. Qxe3 Nxe3 31. Kf2 Re8 32. Nc3 Nf5 33. Nd5 Nd6 34. Ne3 Rc8 35. Ke2 g6 36. Nd5 Kg7 37. Kd2 h5 38. Rb1 Rc5 39. Nc3 Rg5 40. Rg1 h4 41. Ne2 Nb5 42. Nf4 Rf5 43. Ke3 Re5+ 44. Kd2 g5 45. Ne2 Rd5+ 46. Kc2 Nd4+ 47. Nxd4 Rxd4 48. Re1 Rf4 49. Re3 f5 50. Kc3 g4 51. fxg4 fxg4 52. Re2 Kf6 53. Ra2 h3 54. gxh3 gxh3 0-1

[Event "Edmonton March Sectional D"]
[Site "Edmonton CAN"]
[Date "2004.03.06"]
[Round "2"]
[White "Karmali, Hafiz"]
[Black "Babb, Dwight"]
[Result "1-0"]
[WhiteElo "1912"]
[BlackElo "1635"]
[PlyCount "109"]
[GameId "2160767911183623"]
[EventDate "2004.03.05"]
[EventType "tourn"]
[EventRounds "5"]
[EventCountry "CAN"]

1. d4 c5 2. d5 d6 3. c4 Nf6 4. Nc3 g6 5. e4 Bg7 6. f4 e6 7. Nf3 exd5 8. exd5 O-O 9. Be2 Re8 10. O-O Na6 11. Bd3 h6 12. a3 Bd7 13. Bd2 Nc7 14. Qc2 b5 15. b3 b4 16. axb4 cxb4 17. Na2 a5 18. Rae1 Rc8 19. Qd1 Na6 20. Rxe8+ Qxe8 21. Re1 Qd8 22. Kf1 Nc5 23. Nc1 Kf8 24. Bc2 Qc7 25. Be3 Nce4 26. Bd4 Re8 27. Bxe4 Rxe4 28. Rxe4 Nxe4 29. Bxg7+ Kxg7 30. Qd4+ Nf6 31. Nd3 Bf5 32. h3 h5 33. Nfe1 Qe7 34. Nf2 Qd8 35. g4 hxg4 36. hxg4 Qd7 37. g5 Qe7 38. Qxf6+ Qxf6 39. gxf6+ Kxf6 40. Ned3 Ke7 41. Ke2 f6 42. Ke3 Kd7 43. Ne4 Ke7 44. c5 dxc5 45. Ndxc5 Kf7 46. Kd4 g5 47. fxg5 fxg5 48. Ke5 Ke7 49. d6+ Kd8 50. Nb7+ Kd7 51. Nxa5 g4 52. Nc4 g3 53. Ne3 Kd8 54. Kd5 Kd7 55. Kc5 1-0

[Event "Edmonton March Sectional D"]
[Site "Edmonton CAN"]
[Date "2004.03.06"]
[Round "2"]
[White "Kazakevich, Anastasia"]
[Black "Dean, Tim"]
[Result "1-0"]
[WhiteElo "1864"]
[BlackElo "1840"]
[PlyCount "83"]
[GameId "2160767911183624"]
[EventDate "2004.03.05"]
[EventType "tourn"]
[EventRounds "5"]
[EventCountry "CAN"]

1. d4 Nf6 2. Nf3 d5 3. c4 e6 4. Nc3 c6 5. e3 Bd6 6. Bd3 O-O 7. O-O Nbd7 8. b3 e5 9. cxd5 cxd5 10. dxe5 Nxe5 11. Nxe5 Bxe5 12. Bb2 Bg4 13. Qd2 d4 14. exd4 Qxd4 15. Na4 Qf4 16. Qxf4 Bxf4 17. h3 Bh5 18. Nc5 Rfd8 19. g4 b6 20. Bxf6 gxf6 21. Be4 Rac8 22. Nd3 Rxd3 23. Bxd3 Bg6 24. Bxg6 fxg6 25. Rfd1 Rc3 26. Rd8+ Kg7 27. Rd7+ Kh6 28. Kg2 Rc7 29. Rxc7 Bxc7 30. Rd1 a5 31. Rd7 Be5 32. Rb7 Bd4 33. f4 Bc5 34. Kf3 Bd4 35. h4 g5 36. hxg5+ fxg5 37. f5 Bc5 38. Ke4 Bg1 39. Kd5 Bc5 40. Ke6 Bd4 41. Kf7 Bc5 42. Kg8 1-0

[Event "Edmonton March Sectional D"]
[Site "Edmonton CAN"]
[Date "2004.03.06"]
[Round "2"]
[White "Stark, Mark"]
[Black "Haynes, Nicolas"]
[Result "1/2-1/2"]
[WhiteElo "1814"]
[BlackElo "1968"]
[PlyCount "79"]
[GameId "2160767911183625"]
[EventDate "2004.03.05"]
[EventType "tourn"]
[EventRounds "5"]
[EventCountry "CAN"]

1. d4 d5 2. c4 dxc4 3. Nf3 Nf6 4. e3 e6 5. Bxc4 c5 6. O-O a6 7. Qe2 cxd4 8. exd4 Be7 9. Nc3 Nbd7 10. d5 exd5 11. Nxd5 Nxd5 12. Bxd5 O-O 13. Rd1 Bf6 14. Be3 Qe7 15. Qc2 Rd8 16. Qc7 Nf8 17. Qxe7 Bxe7 18. Bb6 Re8 19. Rac1 Nd7 20. Be3 Bf6 21. Bxb7 Bxb7 22. Rxd7 Bxf3 23. gxf3 Bxb2 24. Rb1 Reb8 25. Bd4 Bxd4 26. Rxb8+ Rxb8 27. Rxd4 Kf8 28. Rd6 a5 29. Ra6 Rb5 30. Kg2 Rg5+ 31. Kh3 Rf5 32. Kg3 g6 33. a4 Ke7 34. Kg2 Kd7 35. Kg3 h5 36. h4 Kc7 37. f4 Kb7 38. Rd6 Kc7 39. Ra6 Kb7 40. Rd6 1/2-1/2

[Event "Edmonton March Sectional E"]
[Site "Edmonton CAN"]
[Date "2004.03.05"]
[Round "1"]
[White "Asquith, Tom"]
[Black "Wihnon, Jason"]
[Result "0-1"]
[WhiteElo "1682"]
[BlackElo "1729"]
[PlyCount "132"]
[GameId "2160767911183626"]
[EventDate "2004.03.05"]
[EventType "tourn"]
[EventRounds "5"]
[EventCountry "CAN"]

1. d4 d5 2. Nf3 Nf6 3. Bg5 e6 4. e3 c5 5. Nbd2 Nc6 6. c3 Be7 7. Bd3 O-O 8. Qa4 Bd7 9. Qc2 h6 10. Bh4 c4 11. Be2 Ne8 12. Bxe7 Qxe7 13. e4 b5 14. a3 Nf6 15. e5 Nh7 16. O-O f6 17. Rfe1 fxe5 18. Nxe5 Nxe5 19. dxe5 Ng5 20. h4 Qc5 21. Bf3 Nf7 22. Qg6 Nh8 23. Qg3 Be8 24. Qh3 Bd7 25. Rad1 Qe7 26. a4 bxa4 27. Nxc4 dxc4 28. Bxa8 Rxa8 29. Rd4 Rb8 30. Red1 Be8 31. R1d2 Nf7 32. f4 Rd8 33. Rxd8 Nxd8 34. f5 exf5 35. Qxf5 Ne6 36. Qg4 Qc5+ 37. Kh1 Bf7 38. Qf5 Qe3 39. Rf2 Nd8 40. Rf1 Qe2 41. Rf2 Qe3 42. Kh2 Qb6 43. Rf3 Qe6 44. Qf4 Nc6 45. Re3 Ne7 46. Qd4 Nf5 47. Qd8+ Kh7 48. Re2 Qg6 49. Re4 Qg3+ 50. Kg1 Ne3 51. Qd2 Ng4 52. e6 Qh2+ 53. Kf1 Qh1+ 54. Ke2 Qxg2+ 55. Kd1 Qxe4 56. exf7 Qf3+ 57. Qe2 Nf2+ 58. Ke1 Nd3+ 59. Kd2 Qxf7 60. Qe4+ Qg6 61. Qxc4 Nxb2 62. Qa2 Qd3+ 63. Ke1 Qxc3+ 64. Kf2 Nd1+ 65. Kg1 Qe1+ 66. Kg2 Qf2+ 0-1

[Event "Edmonton March Sectional E"]
[Site "Edmonton CAN"]
[Date "2004.03.05"]
[Round "1"]
[White "Regimbald, Adrien"]
[Black "Pua, Richard"]
[Result "1-0"]
[WhiteElo "1897"]
[BlackElo "1857"]
[PlyCount "77"]
[GameId "2160767911183627"]
[EventDate "2004.03.05"]
[EventType "tourn"]
[EventRounds "5"]
[EventCountry "CAN"]

1. c4 Nf6 2. Nc3 e6 3. e4 d5 4. e5 d4 5. exf6 dxc3 6. bxc3 Qxf6 7. d4 e5 8. Nf3 exd4 9. Bg5 Qe6+ 10. Be2 f6 11. Nxd4 Qf7 12. Bh6 g6 13. Bxf8 Kxf8 14. Qd2 Kg7 15. O-O-O Nc6 16. h4 h6 17. g4 Ne5 18. g5 hxg5 19. hxg5 Be6 20. f4 Rxh1 21. Rxh1 Nxc4 22. gxf6+ Qxf6 23. Nxe6+ Qxe6 24. Qd4+ Ne5 25. Qxe5+ Qxe5 26. fxe5 Re8 27. Bf3 Rxe5 28. Bxb7 Re2 29. Bd5 c6 30. Bc4 Rf2 31. Rf1 Rxf1+ 32. Bxf1 Kf6 33. Kd2 Ke5 34. Bg2 Kd6 35. Ke3 Kc5 36. Bf1 Kd5 37. Kf4 a5 38. Bd3 g5+ 39. Kxg5 1-0